| 000 | 00774nam a2200193 i 4500 | ||
|---|---|---|---|
| 001 | 86255 | ||
| 003 | ES-MaACL | ||
| 005 | 20231222202150.0 | ||
| 007 | t| | ||
| 008 | 041220s2003 sp ||||1| spa d | ||
| 080 | _a75 Fortuny, Mariano | ||
| 245 | 0 | 0 |
_aFortuny [ _hRecurso electrónico]. |
| 260 |
_aMadrid : _bDolmen, _c2003. |
||
| 300 |
_a1 disco compacto (CD-ROM) : _bson., col. ; _c12 cm. |
||
| 500 | _aRequisitos del sistema: PC Pentium II a 200 Mhz ; 64 Mb de RAM ; Windows 95 y superior ; Tarjeta gráfica de 4 Mb y monitor (1024 x 768, 16 bits) ; CD-Rom 16x o superior ; Tarjeta de sonido. Compatible con reproductor DVD con lector de VCD. | ||
| 600 | 1 | 4 |
_aFortuny, Mariano, _d1838-1874- _vCD-ROM _951881 |
| 852 |
_aES-MaACL _jROT 2/2/14 |
||
| 999 |
_c86255 _d86255 |
||